000 00683nam a2200205Ia 4500
003 GCL
008 140319s9999 xx 000 0 ara d
040 _aGCL /
_cGCL
082 0 4 _aق
_b962
_bع ف
100 1 _aعبدالرحمن الرافعى
245 1 0 _aفى اعقاب الثورة المصرية :
_bثورة سنة 1919 /
_cعبدالرحمن الرافعى
250 _aالرابعة
260 _aالقاهرة :
_bدار المعارف ،
_c1966
300 _a439 ص ؛
_c24 سم
490 _a
650 0 4 _aالعصر الحديث
650 0 4 _aسعد زغلول
650 0 4 _aمصر - تاريخ - العصر الحديث - ثورة 1919
942 _2ddc
_cBK
999 _c36484
_d36484